| 000 | 00903nas a2200265 4500 | ||
|---|---|---|---|
| 001 | BR7306635 | ||
| 003 | BR-BrBNA | ||
| 005 | 20231205082615.0 | ||
| 007 | ta | ||
| 008 | 230509b bl.|||p| |||| 00| 00por d | ||
| 040 |
_aBR-BrBNA _bpor _cBiblioteca Nacional de Agricultura |
||
| 041 | _a(Pt) | ||
| 072 | _aH10 | ||
| 100 | 1 | _aBotelho, P.S.M. | |
| 100 | 1 | _aYokoyama, M. | |
| 100 | 1 | _aSilveira Neto, S. | |
| 111 | 1 |
_aEncontro Regional da Sociedade Brasileira para o Progresso da Ciencia _cJaboticabal, SP (Brazil) _d6 May 1974 |
|
| 245 | 1 | _aDeterminacao da flutuacao populacional de Silba pendula (Bezzi)com auxilio da armadilha de Malaise [mosca da mandioca] | |
| 650 | _aMANDIOCA | ||
| 650 | _aARMADILHA | ||
| 650 | _aMOSCA | ||
| 773 | 0 |
_tCiencia e Cultura (Brazil) _xISSN 0009-6725 _g(Dec 1975), v. 27(12) p. 1336 _wBR7306635 |
|
| 909 |
_a202311 _bLúcia _c55 _dLúcia Elande |
||
| 942 |
_2AGRIS _n0 _cANA |
||
| 999 |
_c93190 _d93190 |
||